00834nas a2200229Ia 4500001001100000003000900011008004100020040001300061040001300074041001300087100004500100210002100145222002100166245010100187250001100288260003300299501008600332300001900418362003400437500009400471650003900565R701/49167IT-RoPAU151124c99999999xx |||||||||||| ||und|| aIT-RoPAU cIT-RoPAU aITALIANO aMagli PatriziagCodice Aut. SPICS: 4349 aCARTE SEMIOTICHE aCarte Semiotiche aCARTE SEMIOTICHE, N.00 (OTTOBRE 1984)bCorrispondenze, Coesione Testuale, Decostruzione A Urbino a1a ed. aFIRENZEbLA CASA USHERc1984 bPaulus - SPICS - Società San Paolo EM (non-commercial uses only)cCopyright2015 a6 p. [127-132] aANNO 001, N.00 (OTTOBRE 1984) aRiflesioni Sui Tre Convegni Tenuti a Urbino Durante i Corsi di Semiotica nel Luglio 1984. aSEMIOTICAvPUBBLICAZIONE PERIODICA